Air Quality: Measurement, Analysis and Monitoring Techniques (Record no. 13964)

000 -LEADER
fixed length control field 00364nam a2200145Ia 4500
003 - CONTROL NUMBER IDENTIFIER
control field OSt
005 - DATE AND TIME OF LATEST TRANSACTION
control field 20260309163829.0
008 - FIXED-LENGTH DATA ELEMENTS--GENERAL INFORMATION
fixed length control field 260210s9999 xx 000 0 und d
020 ## - INTERNATIONAL STANDARD BOOK NUMBER
International Standard Book Number 9781682867310
100 ## - MAIN ENTRY--PERSONAL NAME
Personal name Schindler
245 #0 - TITLE STATEMENT
Title Air Quality: Measurement, Analysis and Monitoring Techniques
260 ## - PUBLICATION, DISTRIBUTION, ETC. (IMPRINT)
Name of publisher, distributor, etc Syrawood
Date of publication, distribution, etc 2019
300 ## - PHYSICAL DESCRIPTION
Extent 200p.,
942 ## - ADDED ENTRY ELEMENTS (KOHA)
Item type R&D Books
Source of classification or shelving scheme
Holdings
Withdrawn status Lost status Source of classification or shelving scheme Damaged status Koha normalized classification for sorting Not for loan Permanent location Current location Shelving location Date acquired Full call number Barcode Date last seen Price effective from Koha item type
        363_739200000000000   BMS College of Architecture, Design and Planning BMS College of Architecture, Design and Planning General Stacks 2025-12-17 363.7392 AR-RD290 2026-02-10 2026-02-10 R&D Books
Copyright © 2025, The Librarian, Library and Information Centre, BMSCA D&P, Bengaluru. All Rights Reserved
web counter

Powered by Koha